000
00318nam a2200133Ia 4500
008
220803s9999 xx 000 0 und d
041
_a
eng
082
_a
711.4 MAN
100
_a
Mankar S
_9
13772
245
_a
UGC Handbook
260
_a
New Delhi
_b
Penguin Pub.
_c
1999
300
_a
343p
650
_a
Urban Design
_9
13773
999
_c
10603
_d
10603